Famous MotoGP/500cc rider by bike - Statistics

General Stats
  • This quiz has been taken 93 times
  • The average score is 10 of 14
Answer Stats
Picture Answer % Correct
Valentino Rossi
100%
Marc Marquez
97%
Jorge Lorenzo
91%
Casey Stoner
89%
Francesco Bagnaia
89%
Mick Doohan
84%
Giacomo Agostini
77%
Kevin Schwantz
65%
Wayne Rainey
58%
Eddie Lawson
54%
Kenny Roberts
53%
Freddie Spencer
51%
Mike Hailwood
42%
Barry Sheene
41%
No matching quizzes found
Score Distribution
Percent of People with Each Score
Percentile by Number Answered
Your Score History
You have not taken this quiz